00955nam a2200205 a 450000100100000000500170001000800410002704000250006808200160009311100890010924500880019824600480028626000350033430000270036971000810039604900090047795201140048695201320060099900170073200002690920200930030502.0110328s1989 dr a 000 0 spa d aDO-SdBNPbspacBNPHU axxxxbC749n2 aCongreso nacional sobre medicamentosn(1 :d1989 ago. 9-11 :cSanto Domingo )95401710aI congreso nacional sobre medicamentos :binvestigación, fabricación y calidad.12aPrimer congreso Nacional sobre medicamentos aSanto Domingo :bARAPF,c1989. a56 p. :bil. ;c28 cm.1 aAsociación de Representantes, Agentes y Productores Farmacéuticos954018 aBNPD 0010718PDaPDbPDcCTd2011-03-28iLF1l0oxxxx C749np26909-10r2020-06-25w2020-06-25yLFPDZNo se presta 0010718PDaPDbPDcCTd2011-04-05iLF1l0oxxxx C749np26909-20r2020-06-25te. 2, extraviadow2020-06-25yLFPDZNo se presta c26401d26401